000
00310nam a22001337a 4500
008
181023b xxu||||| |||| 00| 0 eng d
020
_a
9780972004404
041
_a
eng
080
_a
336
100
_a
56
101
_a
Fin
245
_a
Financial Peace For The Next Generation
_c
Dave.R
942
_2
udc
_c
BK
999
_c
50631
_d
50631